Der Einsatz von Filmen im Unterricht von Wirtschaftsdeutsch

Na minha lista:
Detalhes bibliográficos
Autor principal: Seresová, Katarína, 1967-
Formato: Capítulo de Livro
Idioma:alemão
Assuntos:
Tags: Adicionar Tag
Sem tags, seja o primeiro a adicionar uma tag!

MARC

LEADER 00000naa$a2200000$$$4500
001 0273717
005 20240502083834.8
041 0 |a ger 
044 |a CZ 
245 1 0 |a Der Einsatz von Filmen im Unterricht von Wirtschaftsdeutsch  |c Katarína Seresová 
610 2 0 |a film 
610 2 0 |a vyučovanie 
610 2 0 |a jazyky cudzie 
610 2 0 |a nemčina 
100 1 |a Seresová, Katarína, 1967-